000 00555nam a2200181Ia 4500
005 20250326123920.0
008 250326s9999 xx 000 0 und d
037 _aTextbook
040 _aFMSL
_beng
_cFMSL
041 _aeng
_2eng
084 _aS:3 K7.1
_qFMSL
100 _aSanford F H
_9736058
245 0 _aAdvancing psychological science: philosophies, methods, and approaches
_cSanford F H; Capaldi E J
260 _aNew Delhi
_bNew Delhi, Prentice-Hall
_c1967
300 _a122p
942 _cTB
_hS:3 K7.1
999 _c1271457
_d1271457